| 000 | 01220cam a22001817a 4500 | ||
|---|---|---|---|
| 020 | _a9251052301 | ||
| 040 | _cFQG | ||
| 082 | 0 | 0 |
_a631 FOO 2004 A036 Or. _a631.4/1 |
| 245 | 0 | 0 | _aCarbon sequestration in dryland soils. |
| 260 |
_aRome : _bFood and Agriculture Organization for the United Nations, _c2004. |
||
| 300 |
_axiv, 108 p. : _bcol. ill., col. maps ; _c30 cm. |
||
| 520 | _aThis report presents a comprehensive analysis of the scientific aspects and potentiality of carbon sequestration in drylands on the basis of case studies across different land use and management systems carried out in several distinctive drylands areas of the world. It includes an overview of the policies and clarification of the different economic incentives regarding soil carbon sequestration in order to determine how available resources and specific programmes can be implemented in drylands in order to improve food security and rural livelihood of the populations in drylands, one of the most soil degraded and impoverished regions of the world. | ||
| 650 | 0 | _aSoils | |
| 650 | 0 | _aCarbon sequestration. | |
| 650 | 0 | _aArid regions agriculture. | |
| 710 | 2 | _aFood and Agriculture Organization of the United Nations. | |
| 942 | _cEK | ||
| 999 |
_c11355 _d11355 |
||